Gaming Quiz

Random Gaming or Card Games Quiz

Speed Poker: 30 Hands in 60 Seconds Quiz Stats

 Plays Quiz Updated Aug 6, 2017

Support Sporcle.
Go Orange.
Score 0/30 Timer 01:00
1 Play Today
Column A A or B? % Correct
Four of a Kind ???
75.2%
Two Pair???
75.1%
Straight Flush ???
75%
Straight???
74.8%
Full House???
74.4%
Straight Flush???
74.3%
One Pair ???
74%
Two Pair???
73.8%
One Pair???
73.8%
High Card???
73.6%
Two Pair ???
73.6%
Three of a Kind ???
73.6%
High Card ???
73.5%
Straight ???
73.5%
One Pair ???
73.4%
Column A A or B? % Correct
Three of a Kind???
72.8%
Two Pair ???
71.5%
One Pair???
71.3%
High Card???
70.8%
Full House???
69.6%
Flush???
68.1%
Straight ???
67.7%
Four of a Kind???
67.2%
Full House ???
67.1%
Flush???
66.6%
Straight Flush???
66.6%
Straight???
65.7%
Three of a Kind???
63.7%
Flush ???
62.6%
Four of a Kind???
62.3%

You're not logged in!

Compare scores with friends on all Sporcle quizzes.
OR
Log In
Forgot?

From the Vault

Amino Acid Abbreviations (3-letter)

by Loona

You might have to study a bit before tackling this one.
Remove Ads.
Support Sporcle.
Get the best of Sporcle when you Go Orange. This ad-free experience offers more features, more stats, and more fun while also helping to support Sporcle. Thank you for becoming a member.

Show Comments

Extras

Top Quizzes Today


Score Distribution

Your Account Isn't Verified!

In order to create a playlist on Sporcle, you need to verify the email address you used during registration. Go to your Sporcle Settings to finish the process.

Report this User

Report this user for behavior that violates our Community Guidelines.

Details: